000
00211 a2200097 4500
001
47444
100
_a
Walton F
245
_a
Mirach of world war II
260
_a
New York
_b
Macmillan
_c
090
_c
30471
_d
30471
942
_a
NUST-CAE
_c
M
_c
22749
999
_c
282517
_d
282517